[Event "HUN-chT2 Szechenyi 1415"]
[Site "Hungary"]
[Date "2015.02.08"]
[Round "8.7"]
[White "Sarok, Peter"]
[Black "Tomasics, Roland"]
[Result "1/2-1/2"]
[WhiteElo "2123"]
[BlackElo "2110"]
[PlyCount "47"]
[EventDate "2014.09.07"]
[EventType "team-tourn"]
[EventRounds "11"]
[EventCountry "HUN"]
[SourceTitle "EXT 2016"]
[Source "ChessBase"]
[SourceDate "2015.10.08"]
[SourceVersion "1"]
[SourceVersionDate "2015.10.08"]
[SourceQuality "1"]
[WhiteTeam "Kisber Aszar"]
[BlackTeam "HVSE Infraplan"]
[WhiteTeamCountry "HUN"]
[BlackTeamCountry "HUN"]

1. d4 f5 2. Nf3 Nf6 3. g3 g6 4. Bg2 Bg7 5. 0-0 0-0 6. c4 d6 7. Nc3 c6 8. Re1 Ne4 9. Qc2 Nxc3 10. Qxc3 Qc7 11. Qc2 e5 12. e3 e4 13. Nd2 Qf7 14. Rb1 g5 15. b4 d5 16. cxd5 cxd5 17. Nb3 Nc6 18. Bd2 f4 19. b5 fxg3 20. fxg3 Nd8 21. Bb4 Re8 22. Rf1 Qd7 23. Nc5 Qxb5 24. Qb3 1/2-1/2

[Event "HUN-chT2 Szechenyi 1415"]
[Site "Hungary"]
[Date "2014.09.07"]
[Round "1.8"]
[White "Tomasics, Roland"]
[Black "Szokolszky, Miklos"]
[Result "1/2-1/2"]
[WhiteElo "2110"]
[BlackElo "1847"]
[PlyCount "150"]
[EventDate "2014.09.07"]
[EventType "team-tourn"]
[EventRounds "11"]
[EventCountry "HUN"]
[SourceTitle "EXT 2016"]
[Source "ChessBase"]
[SourceDate "2015.10.08"]
[SourceVersion "1"]
[SourceVersionDate "2015.10.08"]
[SourceQuality "1"]
[WhiteTeam "HVSE Infraplan"]
[BlackTeam "Sarvar"]
[WhiteTeamCountry "HUN"]
[BlackTeamCountry "HUN"]

1. e4 e5 2. Nf3 Nc6 3. Bb5 a6 4. Ba4 Nf6 5. d3 b5 6. Bb3 Be7 7. Nbd2 d6 8. Nf1 0-0 9. c3 Na5 10. Bc2 c5 11. Ne3 Qc7 12. 0-0 Rd8 13. Qe2 Nc6 14. Re1 h6 15. h3 Be6 16. Nh2 Qd7 17. Nhg4 Nxg4 18. hxg4 Bg5 19. Nf5 Bxc1 20. Raxc1 Bxf5 21. gxf5 Qe7 22. Bb3 Qg5 23. Qd1 Rac8 24. Re3 Kf8 25. Rg3 Qf6 26. Bd5 Rc7 27. Bxc6 Rxc6 28. Qb3 Rdc8 29. c4 b4 30. Rf1 R6c7 31. Qd1 Ke7 32. Re3 Kf8 33. g4 Qg5 34. Rh3 g6 35. Kh1 Kg7 36. Rg1 Rh8 37. Rgg3 Rcc8 38. Kg2 Qf6 39. Qa4 Ra8 40. fxg6 Qxg6 41. Rh5 Ra7 42. Rf5 f6 43. Qc6 Rd8 44. Qb6 Rdd7 45. Rgf3 a5 46. Kh3 a4 47. Rxf6 Qxf6 48. Rxf6 Kxf6 49. Qb8 Rab7 50. Qf8+ Kg6 51. Kh4 a3 52. b3 Ra7 53. f4 exf4 54. Qxf4 Rab7 55. e5 dxe5 56. Qxe5 Rbc7 57. Qf5+ Kg7 58. Kh5 Rf7 59. Qg6+ Kh8 60. Qd6 Kg8 61. Kxh6 Rh7+ 62. Kg5 Rhg7+ 63. Kh4 Rh7+ 64. Kg3 Rhg7 65. Qe6+ Kf8 66. Qf5+ Rgf7 67. Qe5 Rfe7 68. Qf6+ Rf7 69. Qd6+ Kg7 70. g5 Rcd7 71. Qh6+ Kg8 72. Kg4 Rd4+ 73. Kg3 Rxd3+ 74. Kg4 Rd4+ 75. Kg3 Rd3+ 1/2-1/2

[Event "HUN-chT2 Szechenyi 1213"]
[Site "Hungary"]
[Date "2013.03.03"]
[Round "8.1"]
[White "Jonas, Zsolt"]
[Black "Tomasics, Roland"]
[Result "0-1"]
[WhiteElo "2100"]
[BlackElo "2085"]
[PlyCount "92"]
[EventDate "2012.09.16"]
[EventType "team-tourn"]
[EventRounds "11"]
[EventCountry "HUN"]
[SourceTitle "EXT 2014"]
[Source "ChessBase"]
[SourceDate "2013.11.20"]
[SourceVersion "1"]
[SourceVersionDate "2013.11.20"]
[SourceQuality "1"]
[WhiteTeam "Veszprem"]
[BlackTeam "Haladas III"]
[WhiteTeamCountry "HUN"]
[BlackTeamCountry "HUN"]

1. e4 c5 2. Nf3 d6 3. d4 cxd4 4. Nxd4 Nf6 5. Nc3 e6 6. Bc4 Nc6 7. Bb3 Be7 8. Be3 0-0 9. 0-0 Bd7 10. Qe2 Nxd4 11. Bxd4 Bc6 12. Rad1 a6 13. a4 b5 14. f3 Qb8 15. axb5 axb5 16. Rfe1 b4 17. Nb1 Rd8 18. Qf2 d5 19. exd5 Nxd5 20. Nd2 Nf6 21. Bc4 Bd6 22. g3 e5 23. Bb6 Rc8 24. Bd3 Bd5 25. Be3 Ra2 26. b3 e4 27. fxe4 Ng4 28. Qf3 Ne5 29. Qf1 Be6 30. Bf4 Nxd3 31. cxd3 Bxf4 32. gxf4 Bg4 33. Nc4 Bxd1 34. Rxd1 Rc6 35. Rd2 Rxd2 36. Nxd2 Qa7+ 37. Qf2 Qa1+ 38. Kg2 Rc2 39. Kf3 Qa2 40. Ke3 h6 41. f5 Qa7+ 42. d4 Qc7 43. Ke2 Rc3 44. e5 Qc6 45. Qg1 Qa6+ 46. Kf2 Qd3 0-1

[Event "HUN-chT2 Charousek 0708"]
[Site "Hungary"]
[Date "2008.02.17"]
[Round "6"]
[White "Tomasics, Roland"]
[Black "Szollosi, Laszlo Jr"]
[Result "1/2-1/2"]
[WhiteElo "2131"]
[BlackElo "2308"]
[PlyCount "20"]
[EventDate "2007.10.14"]
[EventType "team-tourn"]
[EventRounds "11"]
[EventCountry "HUN"]
[SourceTitle "EXT 2009"]
[Source "ChessBase"]
[SourceDate "2008.11.26"]
[SourceVersion "1"]
[SourceVersionDate "2008.11.26"]
[SourceQuality "1"]
[WhiteTeam "Haladas II"]
[BlackTeam "Dunaharaszti"]
[WhiteTeamCountry "HUN"]
[BlackTeamCountry "HUN"]

1. e4 e6 2. d4 d5 3. Nd2 dxe4 4. Nxe4 Nd7 5. Nf3 Ngf6 6. Bd3 Be7 7. Qe2 c6 8. Bf4 Nxe4 9. Qxe4 Nf6 10. Qe2 Qa5+ 1/2-1/2

[Event "HUN-chT2 Szechenyi 0304"]
[Site "Hungary"]
[Date "2003.09.28"]
[Round "1"]
[White "Honfi, Gyorgy"]
[Black "Tomasics, Roland"]
[Result "0-1"]
[WhiteElo "2227"]
[BlackElo "2087"]
[PlyCount "136"]
[EventDate "2003.09.28"]
[EventType "team-tourn"]
[EventRounds "11"]
[EventCountry "HUN"]
[SourceTitle "EXT 2009"]
[Source "ChessBase"]
[SourceDate "2008.11.26"]
[SourceVersion "1"]
[SourceVersionDate "2008.11.26"]
[SourceQuality "1"]
[WhiteTeam "Lenti"]
[BlackTeam "Szentgotthard"]
[WhiteTeamCountry "HUN"]
[BlackTeamCountry "HUN"]

1. e4 c5 2. Nf3 d6 3. c4 Nf6 4. Nc3 Bg4 5. d4 cxd4 6. Qxd4 Nc6 7. Qe3 g6 8. Bd2 Bg7 9. Nd5 Bxf3 10. gxf3 0-0 11. Bc3 Nxd5 12. cxd5 Ne5 13. Be2 Qc8 14. 0-0 Qd7 15. Kg2 Rfc8 16. Rfc1 h5 17. f4 Ng4 18. Qd3 Nf6 19. Bf3 Kh7 20. h3 Bh6 21. e5 dxe5 22. fxe5 Bxc1 23. Rxc1 Ng8 24. Bxh5 Nh6 25. e6 Qe8 26. Bg4 Rd8 27. Qd4 f6 28. Rd1 Qg8 29. Qf4 Nf5 30. Bxf5 gxf5+ 31. Kh2 Qg5 32. Qc7 Rg8 33. Qg3 Qxg3+ 34. fxg3 Kg6 35. Bb4 Rge8 36. Rd4 Rac8 37. Bc3 Rc5 38. d6 exd6 39. Rxd6 Rc6 40. Rd7 Rexe6 41. Rxb7 Re2+ 42. Kg1 a6 43. Rd7 f4 44. gxf4 Kf5 45. Rd2 Re4 46. Kg2 Rxf4 47. Kg3 Rf1 48. Kg2 Rf4 49. Kg3 Re4 50. Rf2+ Kg6 51. a3 Rce6 52. Rd2 Re3+ 53. Kg2 Re2+ 54. Rxe2 Rxe2+ 55. Kf3 Rh2 56. Kg3 Rh1 57. Kg2 Rd1 58. a4 Rd3 59. Be1 f5 60. b4 Ra3 61. a5 f4 62. Bf2 Kf5 63. Bc5 Rg3+ 64. Kh2 Rg6 65. Bb6 Ke4 66. h4 f3 67. Kh3 Kd3 68. h5 Rxb6 0-1